Online
Catalog

La casa de los espíritus. / (Record no. 53132)

MARC details
000 -CABECERA
campo de control de longitud fija 01387nam a2200289 a 4500
003 - IDENTIFICADOR DEL NÚMERO DE CONTROL
campo de control DO-SdBNP
005 - FECHA Y HORA DE LA ÚLTIMA TRANSACCIÓN
campo de control 20240306172149.0
007 - CAMPO FIJO DE DESCRIPCIÓN FÍSICA--INFORMACIÓN GENERAL
campo de control de longitud fija ta
008 - DATOS DE LONGITUD FIJA--INFORMACIÓN GENERAL
campo de control de longitud fija 230221t19821994sp ||||gr|||| 001 f spa d
020 ## - NÚMERO INTERNACIONAL ESTÁNDAR DEL LIBRO
Número Internacional Estándar del Libro 84014268X (Col. Ave Fenix)
020 ## - NÚMERO INTERNACIONAL ESTÁNDAR DEL LIBRO
Número Internacional Estándar del Libro 8401423023 (Vol. 168/1)
040 ## - FUENTE DE LA CATALOGACIÓN
Centro catalogador/agencia de origen DO-SdBNP
Lengua de catalogación spa
Centro/agencia transcriptor BNPHU
082 #4 - NÚMERO DE LA CLASIFICACIÓN DECIMAL DEWEY
Número de edición 22
Número de clasificación Ch863.44
Número de documento/Ítem A432c 1994
100 1# - ENTRADA PRINCIPAL--NOMBRE DE PERSONA
Nombre de persona Allende, Isabel,
Fechas asociadas al nombre 1942-
9 (RLIN) 24166
245 13 - MENCIÓN DE TÍTULO
Título La casa de los espíritus. /
Mención de responsabilidad, etc. Isabel Allende.
250 ## - MENCIÓN DE EDICIÓN
Mención de edición 17a. ed.
260 ## - PUBLICACIÓN, DISTRIBUCIÓN, ETC.
Lugar de publicación, distribución, etc. España, Barcelona :
Nombre del editor, distribuidor, etc. Plaza & Janés,
Fecha de publicación, distribución, etc. 1994
300 ## - DESCRIPCIÓN FÍSICA
Extensión 453 p. ;
Dimensiones 18 cm.
490 0# - MENCIÓN DE SERIE
Mención de serie Ave Fenix ;
Designación de volumen o secuencia 168/1
500 ## - NOTA GENERAL
Nota general Ilustración de la portada: cartel de la película cedido por Lauren Films.
505 ## - NOTA DE CONTENIDO CON FORMATO
Nota de contenido con formato Capítulo Primero: Rosa, la bella.
Título Capítulo II: Las tres María.--
-- Capítulo III: Clara, clarividente.--
-- Capítulo IV: el tiempo de los espíritus.--
-- Capítulo V: Los amantes.--
-- Capítulo VI: La venganza.--
-- Capítulo VII: Los hermanos.--
-- Capítulo VIII: El conde.--
-- Capítulo IX: La niña Alba.--
-- Capítulo X: La época del estropicio
-- Capítulo XI: El despertar
-- Capítulo XII: La conspiración.--
-- Capítulo XIII: El terror.--
-- Capítulo XIV: La hora de la verdad.--
-- Epílogo.
590 ## - NOTA LOCAL (RLIN)
Nota local Inventariado 2023 / MF
650 #4 - PUNTO DE ACCESO ADICIONAL DE MATERIA--TÉRMINO DE MATERIA
Término de materia o nombre geográfico como elemento de entrada Novela chilena
9 (RLIN) 3163
650 #4 - PUNTO DE ACCESO ADICIONAL DE MATERIA--TÉRMINO DE MATERIA
9 (RLIN) 3164
Término de materia o nombre geográfico como elemento de entrada Literatura chilena
910 ## - DATOS DE OPCIÓN DEL USUARIO (OCLC)
Datos de opción del usuario Validado. Control de calidad MFF
942 ## - ELEMENTOS DE PUNTO DE ACCESO ADICIONAL (KOHA)
Fuente del sistema de clasificación o colocación Dewey Decimal Classification
Tipo de ítem Koha Libro
Holdings
Estado de retiro Estado de pérdida Fuente del sistema de clasificación o colocación Restricciones de uso No para préstamo Código de colección Localización permanente Ubicación/localización actual Ubicación en estantería Fecha de adquisición Fuente de adquisición Signatura topográfica completa Código de barras Fecha visto por última vez Precio válido a partir de Tipo de ítem Koha
    Dewey Decimal Classification Préstamo en sala   General Biblioteca Nacional Pedro Henríquez Ureña Biblioteca Nacional Pedro Henríquez Ureña Depósito 21.07.2015 Donado por Ivett Arias BNPHU GR Ch863.44 A432c 1994 2023-1044 21.02.2023 21.02.2023 Libro

Powered by Koha